Statistics for Football (soccer) legends! Italy

Click here to take the quiz!

General Stats

  • This quiz has been taken 283 times
    (276 since last reset)
  • The average score is 18 of 40

Answer Stats

Playing positionPlayer% Correct
GoalkeeperGianluigi Buffon
94%
DefenderPaolo Maldini
92%
MidfielderAndrea Pirlo
86%
ForwardAlessandro Del Piero
81%
DefenderAlessandro Nesta
79%
ForwardRoberto Baggio
77%
DefenderFabio Cannavaro
76%
ForwardFrancesco Totti
76%
DefenderFranco Baresi
73%
MidfielderGennaro Gattuso
72%
MidfielderDaniele De Rossi
70%
GoalkeeperDino Zoff
65%
ForwardFilippo Inzaghi
61%
ForwardPaolo Rossi
58%
DefenderGiorgio Chiellini
57%
DefenderGianluca Zambrotta
52%
ForwardChristian Vieri
51%
ForwardGiuseppe Meazza
45%
ForwardGianfranco Zola
42%
Midfielder/forwardGianni Rivera
39%
GoalkeeperGianluca Pagliuca
35%
GoalkeeperFrancesco Toldo
34%
DefenderGiuseppe Bergomi
34%
GoalkeeperWalter Zenga
34%
Midfielder/forwardSandro Mazzola
33%
Midfielder/forwardValentino Mazzola
33%
DefenderAlessandro Costacurta
30%
DefenderGiacinto Facchetti
30%
DefenderAntonio Cabrini
26%
DefenderClaudio Gentile
24%
GoalkeeperAngelo Peruzzi
23%
MidfielderDemetrio Albertini
21%
ForwardSilvio Piola
21%
MidfielderCarlo Ancelotti
20%
MidfielderMassimo Ambrosini
15%
DefenderTarcisio Burgnich
15%
DefenderCiro Ferrara
14%
ForwardGiuseppe Signori
14%
MidfielderGiovanni Ferrari
4%
DefenderEraldo Monzeglio
1%

Score Distribution

Percentile by Number Answered

Percent of People with Each Score

Your Score History

You have not taken this quiz since the last reset